[Event "Skakligaen"]
[Site "Danmark"]
[Date "2019.01.12"]
[Round "5.2"]
[White "Berg, Klaus"]
[Black "Kristensen, Leif Sogaard"]
[Result "1/2-1/2"]
[WhiteElo "2298"]
[BlackElo "2309"]
[EventDate "2018.10.27"]
[EventType "team-tourn"]
[EventRounds "9"]
[EventCountry "Danmark"]
[WhiteTeam "SK1968"]
[BlackTeam "Evans"]
[WhiteTeamCountry "DEN"]
[BlackTeamCountry "DEN"]
[WhiteFideId "1400053"]
[BlackFideId "1406809"]

1. d4 g6 2. e4 Bg7 3. Nc3 d6 4. Be3 Nf6 5. Qd2 c6 6. Bh6 Bxh6 7. Qxh6 Qa5 8. f3 b5 9. Nge2 b4 10. Nd1 Ba6 11. Nc1 Bxf1 12. Rxf1 Nbd7 13. Nb3 Qh5 14. Qxh5 Nxh5 15. a3 bxa3 16. Rxa3 Nb6 17. Ne3 Kd7 18. Kd2 Rhb8 19. Rfa1 Nc8 20. Nc4 Nf4 21. g3 Ne6 22. Ne3 Nc7  1/2-1/2

[Event "Skakligaen"]
[Site "Danmark"]
[Date "2019.01.12"]
[Round "5.3"]
[White "Borovnica, Tihomir"]
[Black "Matthiesen, Martin"]
[Result "0-1"]
[WhiteElo "2226"]
[BlackElo "2251"]
[EventDate "2018.10.27"]
[EventType "team-tourn"]
[EventRounds "9"]
[EventCountry "Danmark"]
[WhiteTeam "Evans"]
[BlackTeam "SK1968"]
[WhiteTeamCountry "DEN"]
[BlackTeamCountry "DEN"]
[WhiteFideId "1434888"]
[BlackFideId "1404067"]

1. d4 Nf6 2. c4 e6 3. g3 c5 4. Nf3 cxd4 5. Nxd4 d5 6. Bg2 e5 7. Nf3 d4 8. O-O Nc6 9. b4 e4 10. Ng5 Bxb4 11. Nxe4 Nxe4 12. Bxe4 Bh3 13. Qa4 Bxf1 14. Bxc6+ bxc6 15. Qxb4 Bxe2 16. Ba3 Qd7 17. Nd2 f6 18. Ne4 Kf7 19. Nc5 Qf5 20. Nb7 Kg6 21. Nd6 Qe6 22. Re1 d3 23. Qd2 Rab8 24. f4 Qg4 25. f5+ Kh5 26. Bc5 Rhd8 27. Bxa7 Rxd6 28. Bxb8 Qd4+ 29. Kg2 Qe4+ 30. Kg1 Qd4+ 31. Kg2 Qe4+ 32. Kg1 Rd8 33. Bc7 Qd4+ 34. Kg2 Qe4+ 35. Kg1 Rd7 36. Ba5 Qd4+ 37. Kg2 Qe4+ 38. Kg1 Ra7 39. Bb6 Ra6 40. Bf2 Kg4 41. Qe3 Qxe3 42. Bxe3 Kf3  0-1

[Event "Skakligaen"]
[Site "Danmark"]
[Date "2019.01.12"]
[Round "5.4"]
[White "Bank, Pelle Rodkjaer"]
[Black "Kristensen, Bjarke Hautop"]
[Result "1/2-1/2"]
[WhiteElo "2298"]
[BlackElo "2223"]
[EventDate "2018.10.27"]
[EventType "team-tourn"]
[EventRounds "9"]
[EventCountry "Danmark"]
[WhiteTeam "SK1968"]
[BlackTeam "Evans"]
[WhiteTeamCountry "DEN"]
[BlackTeamCountry "DEN"]
[WhiteFideId "1402889"]
[BlackFideId "1437747"]

1. d4 Nf6 2. Bg5 d5 3. Nd2 c5 4. dxc5 e5 5. b4 b6 6. e4 bxc5 7. exd5 Qxd5 8. Ngf3 cxb4 9. Bc4 Qa5 10. Qe2 Nbd7 11. Bb5 Bd6 12. Nc4 Qc7 13. Nxd6+ Qxd6 14. Rd1 Qe6 15. Nxe5 Rb8 16. Rd6 Qxd6 17. Nxd7+ Kd8 18. Nxb8 Qxb8 19. O-O Be6 20. f4 Qb6+ 21. Kh1 Kc8 22. Ba6+ Kb8 23. f5 Bc8 24. Bf4+ Ka8 25. Qf3+ Bb7 26. Bxb7+ Qxb7 27. Qxb7+ Kxb7 28. Rb1 a5 29. c3 Nd5 30. Bd2 Kc6 31. cxb4 axb4 32. Bxb4 Nxb4 33. Rxb4 Rd8 34. h3 Rd2 35. a4 Rf2 36. Rg4 g6 37. fxg6 fxg6 38. Kh2 Ra2 39. Kg3 Rc2 40. Rh4 Rc3+ 41. Kh2 h5 42. Rf4 Kd7 43. Rf6 g5 44. Rf5 g4 45. hxg4 hxg4 46. Rg5 Rc4 47. a5 Ra4 48. Kg3 Ke7 49. Rxg4 Rxa5 50. Rf4 Ra2 51. Kf3 Ra6 52. Kg4 Rg6+ 53. Kh3 Rh6+ 54. Rh4 Rf6 55. Rh7+ Kf8 56. g4 Kg8 57. Ra7 Rb6 58. Kh4 Rc6 59. g5 Rb6 60. Kh5 Rc6 61. g6 Rc1  1/2-1/2

[Event "Skakligaen"]
[Site "Danmark"]
[Date "2019.01.12"]
[Round "5.5"]
[White "Skaanning Pedersen, Kim Henrik"]
[Black "Rewitz, Poul"]
[Result "1/2-1/2"]
[WhiteElo "2200"]
[BlackElo "2227"]
[EventDate "2018.10.27"]
[EventType "team-tourn"]
[EventRounds "9"]
[EventCountry "Danmark"]
[WhiteTeam "Evans"]
[BlackTeam "SK1968"]
[WhiteTeamCountry "DEN"]
[BlackTeamCountry "DEN"]
[WhiteFideId "1403699"]
[BlackFideId "1401033"]

1. e4 c5 2. Nc3 Nc6 3. Bb5 Nd4 4. Bc4 g6 5. Nf3 Bg7 6. Nxd4 cxd4 7. Qf3 e6 8. Nb5 Be5 9. c3 dxc3 10. d4 Bb8 11. Nxc3 a6 12. e5 d5 13. exd6 Qxd6 14. Bb3 Qxd4 15. Ba4+ Kf8 16. Be3 Qf6 17. Qe4 Ne7 18. Bh6+ Kg8 19. h4 Nf5 20. Bg5 Qe5 21. g4 h6 22. gxf5 hxg5 23. fxg6 fxg6 24. O-O-O Qxe4 25. Nxe4 Rxh4 26. Rhe1 Bc7 27. Bb3 Kg7 28. Kb1 e5 29. Nxg5 Bf5+ 30. Bc2 Bxc2+ 31. Kxc2 Rc8 32. Kb1 Kf6 33. Ne4+ Ke7 34. Nc5 b6 35. Nxa6 Bd6 36. a3 Ke6 37. Rg1 Rg8 38. Rc1 Rf4 39. Rg2 g5 40. Nc7+ Bxc7 41. Rxc7 Kd5 42. Kc2 g4 43. Kd2 Rd4+ 44. Ke2 Rg6 45. Rg3 Re4+ 46. Re3 Rxe3+ 47. Kxe3 g3 48. fxg3 Rxg3+ 49. Kd2 Rg2+ 50. Kc3 Rg1 51. Rb7 Rg6 52. Kd3 Rd6 53. Rb8 Rd7 54. b3 Rd6 55. Ke3 Rh6 56. Rd8+ Ke6 57. Re8+ Kd6 58. Rd8+ Kc7 59. Ra8 Rh3+ 60. Ke4 Kb7 61. Ra4 Rxb3 62. Kxe5 Rd3 63. Ke4 Rh3 64. Kd5 Rh5+ 65. Kd6 Rc5 66. Rb4 Ka6 67. Ra4+ Kb5 68. Rb4+ Ka5 69. Rb3 Rc4 70. Kd5 b5 71. Rh3 Ka4 72. Rg3 Rc2 73. Rh3 Ra2 74. Kc5 Rxa3 75. Rxa3+ Kxa3 76. Kxb5  1/2-1/2

[Event "Skakligaen"]
[Site "Danmark"]
[Date "2019.01.12"]
[Round "5.6"]
[White "Hansen, Lars"]
[Black "Skjoldager, Per"]
[Result "1/2-1/2"]
[WhiteElo "2203"]
[BlackElo "2049"]
[EventDate "2018.10.27"]
[EventType "team-tourn"]
[EventRounds "9"]
[EventCountry "Danmark"]
[WhiteTeam "SK1968"]
[BlackTeam "Evans"]
[WhiteTeamCountry "DEN"]
[BlackTeamCountry "DEN"]
[WhiteFideId "1402528"]
[BlackFideId "1408828"]

1. d4 Nf6 2. Bg5 d5 3. Bxf6 exf6 4. e3 Bd6 5. c4 c6 6. Nc3 dxc4 7. Bxc4 Nd7 8. Qc2 Nb6 9. Bd3 Be6 10. Nge2 Qe7 11. Ng3 Nd5 12. Nxd5 Bxd5 13. O-O Bxg3 14. hxg3 g6 15. e4 Be6 16. f4 Rd8 17. f5 Qd6 18. d5 gxf5 19. Qc3 Bc8 20. exf5 Rg8 21. Rae1+ Kf8 22. Rf3 Rg5 23. dxc6 bxc6 24. Rc1 Rxg3 25. Rxg3 Qxg3 26. Be4 Qg5 27. Qc5+ Kg7 28. Rf1 Ba6 29. Rf3 Rd1+ 30. Kh2 Be2 31. Rg3 Rh1+ 32. Kxh1 Qxg3 33. Qxc6 Qe1+ 34. Kh2 Qh4+  1/2-1/2

[Event "Skakligaen"]
[Site "Danmark"]
[Date "2019.01.12"]
[Round "5.7"]
[White "Firooznia, Farzam"]
[Black "Ramsdal, Jens Albert"]
[Result "0-1"]
[WhiteElo "2104"]
[BlackElo "2235"]
[EventDate "2018.10.27"]
[EventType "team-tourn"]
[EventRounds "9"]
[EventCountry "Danmark"]
[WhiteTeam "Evans"]
[BlackTeam "SK1968"]
[WhiteTeamCountry "DEN"]
[BlackTeamCountry "DEN"]
[WhiteFideId "1439154"]
[BlackFideId "1429221"]

1. Nc3 c5 2. e4 a6 3. a4 Nc6 4. f4 d6 5. Bc4 Nf6 6. h3 e6 7. Nf3 d5 8. exd5 exd5 9. Ba2 d4 10. Qe2+ Be7 11. Ne4 Nxe4 12. Qxe4 O-O 13. O-O d3 14. c3 g6 15. g4 Kg7 16. f5 Qd6 17. Rf2 b5 18. Bd5 Bb7 19. axb5 axb5 20. Rxa8 Rxa8 21. fxg6 fxg6 22. Ng5 Bxg5 23. Rf7+ Kh6 24. Rxb7 Ra1 25. Kg2 Ne7  0-1

[Event "Skakligaen"]
[Site "Danmark"]
[Date "2019.01.12"]
[Round "5.8"]
[White "Steffensen, Torben Molgaard"]
[Black "Pedersen, Lars"]
[Result "1/2-1/2"]
[WhiteElo "2192"]
[BlackElo "2093"]
[EventDate "2018.10.27"]
[EventType "team-tourn"]
[EventRounds "9"]
[EventCountry "Danmark"]
[WhiteTeam "SK1968"]
[BlackTeam "Evans"]
[WhiteTeamCountry "DEN"]
[BlackTeamCountry "DEN"]
[WhiteFideId "1403516"]
[BlackFideId "1410440"]

1. d4 Nf6 2. c4 e6 3. Nf3 b6 4. Bf4 Bb7 5. e3 Be7 6. h3 O-O 7. Nc3 d5 8. Rc1 a6 9. cxd5 exd5 10. Bd3 c5 11. O-O Nbd7 12. b3 Rc8 13. Qe2 b5 14. dxc5 Bxc5 15. Rfd1 Qa5 16. Rc2 Rfe8 17. Bf5 Bb4 18. Bxd7 Nxd7 19. Nxd5 Bxd5 20. Rxd5 Nf6 21. Rd4 Bf8 22. Bg5 Be7 23. Bf4 Qb6 24. Rxc8 Rxc8 25. Be5 Qe6 26. Qd3 h6 27. Kh2 Rc6 28. g4 Rb6 29. Bf4 Qc6 30. Ne5 Qe6 31. Nd7 Nxd7 32. Rxd7 Rc6 33. e4 Rc5 34. Rd5 Rc6 35. Kg2 g5 36. Be3 Qc8 37. Bd4 Re6 38. Bb2 Qc6 39. f3 Bf6 40. Bxf6 Rxf6 41. Rd8+ Kg7 42. Qd4 Qc2+ 43. Qd2 Qc6 44. Rd3 Qb6 45. Qc3 Kg6 46. Qd4 Qc6 47. Rc3 Qe8 48. Rc7 Rc6 49. Rxc6+ Qxc6 50. Qd3 Kf6 51. Qd8+ Kg7 52. Qd4+ Kf8 53. Qh8+ Ke7 54. Qe5+ Kd7 55. Qf5+ Ke7 56. Qe5+ Kd7 57. Qb2 Qd6 58. Qf2  1/2-1/2

[Event "Skakligaen"]
[Site "Danmark"]
[Date "2019.01.12"]
[Round "5.1"]
[White "Thybo, Jesper Sondergaard"]
[Black "Banusz, Tamas"]
[Result "1/2-1/2"]
[WhiteElo "2525"]
[BlackElo "2614"]
[EventDate "2018.10.27"]
[EventType "team-tourn"]
[EventRounds "9"]
[EventCountry "Danmark"]
[WhiteTeam "Jetsmark"]
[BlackTeam "Koge"]
[WhiteTeamCountry "DEN"]
[BlackTeamCountry "DEN"]
[WhiteFideId "1438832"]
[BlackFideId "722413"]

1. d4 d5 2. c4 c6 3. Nc3 Nf6 4. cxd5 cxd5 5. Bf4 Nc6 6. e3 Bf5 7. Qb3 Na5 8. Qa4+ Bd7 9. Qc2 e6 10. Bd3 Be7 11. h3 Ne4 12. Bxe4 dxe4 13. Nxe4 Rc8 14. Nc3 Nc4 15. Nge2 Qb6 16. Rb1 Qa5 17. O-O b5 18. a3 b4 19. axb4 Qxb4 20. Ra1 a5 21. Ra2 a4 22. e4 O-O 23. Rfa1 Rfd8 24. Rd1 h6 25. d5 e5 26. Bc1 Bd6 27. Ng3 g6 28. Nf1 Na5 29. Bxh6 Nb3 30. Bg5 Re8 31. Qd3 a3 32. Nb1 Nc5 33. Qxa3 Qxa3 34. Rxa3 Nxe4 35. Ra7 Bc5 36. Rxd7 Bxf2+ 37. Kh2 Nxg5 38. Nc3 Rb8 39. Rd2 Bd4 40. Ng3 Be3 41. Rc2 Rec8 42. Nf1 Bd4 43. Nd2 Nh7 44. Nf3 Nf6 45. Rd6 Kg7 46. Re2 Bxc3 47. bxc3 Rxc3 48. Nxe5 Rb7 49. Rd8 Rc5 50. d6 Rd5 51. Nc4 Rc5 52. Ne5 Rd5 53. Nf3 Rd7 54. Rxd7 Nxd7 55. Rd2 Rxd2 56. Nxd2 Kf6 57. h4 Ke5 58. Nc4+ Ke6 59. g4 Nf6 60. Kh3 Kd7 61. Ne5+ Ke6 62. Nc4 Kd7 63. g5 Ne4 64. Ne5+ Kxd6 65. Nxf7+ Ke6 66. Nh6 Ke5 67. Kg4 Nf2+ 68. Kf3 Ne4 69. Ng8 Nxg5+  1/2-1/2

[Event "Skakligaen"]
[Site "Danmark"]
[Date "2019.01.12"]
[Round "5.2"]
[White "Sengupta, Deep"]
[Black "Rasmussen, Allan Stig"]
[Result "1/2-1/2"]
[WhiteElo "2551"]
[BlackElo "2547"]
[EventDate "2018.10.27"]
[EventType "team-tourn"]
[EventRounds "9"]
[EventCountry "Danmark"]
[WhiteTeam "Koge"]
[BlackTeam "Jetsmark"]
[WhiteTeamCountry "DEN"]
[BlackTeamCountry "DEN"]
[WhiteFideId "5008352"]
[BlackFideId "1406000"]

1. e4 c6 2. Nc3 d5 3. Nf3 dxe4 4. Nxe4 Nf6 5. Qe2 Nxe4 6. Qxe4 Nd7 7. Bc4 Nf6 8. Ne5 Nd5 9. d4 g6 10. Qe2 Bg7 11. Bb3 a5 12. O-O a4 13. Bc4 O-O 14. c3 a3 15. Bb3 Be6 16. Rd1 Qa5 17. c4 axb2 18. Bxb2 Nc3 19. Bxc3 Qxc3 20. Rac1 Qa5 21. d5 Bc8 22. c5 cxd5 23. Bxd5 Qc7 24. Re1 e6 25. Bb3 Ra5 26. Qe3 Bxe5 27. Qxe5 Qxe5 28. Rxe5 Bd7 29. Re3 Rc8 30. Rec3 Bc6 31. f3 Rd8 32. R1c2 Kf8 33. Kf2 Ke7 34. Ke3 g5 35. Rd2 Rc8 36. h4 gxh4 37. Rd4 h3 38. gxh3 Rg8 39. Rh4 Rg5 40. Rxh7 Raxc5 41. Rxc5 Rxc5 42. f4 Rc3+ 43. Ke2 Bg2 44. h4 Be4 45. Rh8 Rh3 46. h5 Bf3+ 47. Kf2 Rxh5 48. Rxh5 Bxh5 49. Ke3 Kd6 50. Kd4 Bf3 51. a3 Bd5 52. Bc2 f6 53. Bd3 e5+ 54. fxe5+ fxe5+ 55. Ke3 Kc5 56. Be2 b6 57. Bd3 Bc6 58. Be2 Bb5 59. Bg4 Bf1 60. Bd1 Bg2 61. Be2 Bd5 62. Bf1 e4 63. Be2 Bc4 64. Bd1 Bd3 65. Bb3 Bb1 66. Bf7 Bc2 67. Kd2 Bd3 68. Ke3 Bc2 69. Kd2 Ba4 70. Ke3 Bc6 71. Ba2 Bd5 72. Bb1 b5 73. Bc2 Kc4 74. Bd1 Kc3 75. Bg4 Kb3 76. Bd7 Ka4 77. Kd4 Bb7 78. Be8 Ba8 79. Bd7 Bb7 80. Be8 Ka5 81. Bd7 Ba6 82. Bxb5 Bxb5 83. Kxe4  1/2-1/2

[Event "Skakligaen"]
[Site "Danmark"]
[Date "2019.01.12"]
[Round "5.3"]
[White "Thogersen, Rasmus"]
[Black "Brunello, Sabino"]
[Result "0-1"]
[WhiteElo "2298"]
[BlackElo "2538"]
[EventDate "2018.10.27"]
[EventType "team-tourn"]
[EventRounds "9"]
[EventCountry "Danmark"]
[WhiteTeam "Jetsmark"]
[BlackTeam "Koge"]
[WhiteTeamCountry "DEN"]
[BlackTeamCountry "DEN"]
[WhiteFideId "1431412"]
[BlackFideId "813613"]

1. e4 e5 2. Nf3 Nc6 3. Bc4 Nf6 4. d3 Bc5 5. O-O O-O 6. Bg5 h6 7. Bh4 Be7 8. c3 d6 9. a4 Nh5 10. Bg3 Nxg3 11. fxg3 g6 12. Nbd2 Kg7 13. d4 exd4 14. cxd4 Nb4 15. Qb3 a5 16. Nh4 c6 17. Kh1 Bf6 18. Bxf7 Rxf7 19. e5 g5 20. exf6+ Rxf6 21. Ne4 Be6 22. Rxf6 Bxb3 23. Nf5+ Kg8 24. Rg6+ Kf7 25. Rg7+ Ke6 26. Nexd6 Nc2 27. Rf1 Qf6 28. Rh7 Rf8 29. Rf3 Nxd4 30. Re3+ Kd5 31. Rd7 Nxf5 32. Ne4+ Nd6 33. Nxf6+ Rxf6 34. h4 Bxa4 35. Rd3+ Kc5 36. Re7 Kb6 37. Re5 Nc4 38. Re7 Bb5 39. Rdd7 Nxb2 40. Rxb7+ Kc5 41. hxg5 hxg5 42. Re5+ Kb4 43. Rxg5 a4  0-1

[Event "Skakligaen"]
[Site "Danmark"]
[Date "2019.01.12"]
[Round "5.4"]
[White "Rozentalis, Eduardas"]
[Black "Christensen, Stefan"]
[Result "1-0"]
[WhiteElo "2539"]
[BlackElo "2255"]
[EventDate "2018.10.27"]
[EventType "team-tourn"]
[EventRounds "9"]
[EventCountry "Danmark"]
[WhiteTeam "Koge"]
[BlackTeam "Jetsmark"]
[WhiteTeamCountry "DEN"]
[BlackTeamCountry "DEN"]
[WhiteFideId "12800023"]
[BlackFideId "1404148"]

1. e4 e6 2. d4 d5 3. Nd2 c5 4. Ngf3 cxd4 5. Nxd4 Nc6 6. Bb5 Bd7 7. Nxc6 bxc6 8. Bd3 Bd6 9. Qe2 Qc7 10. Nf3 Ne7 11. e5 Bc5 12. O-O Ng6 13. Bd2 O-O 14. Rae1 Be7 15. h4 f6 16. exf6 gxf6 17. Nd4 e5 18. h5 Nh4 19. g3 exd4 20. gxh4 Bd6 21. Qf3 Kh8 22. Kh1 f5 23. Bg5 Rf7 24. Rg1 c5 25. Qg2 Bc6 26. Bh6 Be5 27. Bxf5 Qd6 28. f4 Qxh6 29. Rxe5 Qxf4 30. Qg3 Qxg3 31. Rxg3 Raf8 32. Be6 Rf1+ 33. Kh2 R1f2+ 34. Kh3 R2f3 35. Bxd5 Bd7+ 36. Kh2 Rf2+ 37. Rg2 R2f4 38. Reg5 Rxh4+ 39. Kg1 h6 40. Rg8+ Rxg8 41. Rxg8+ Kh7 42. Rf8 Bh3 43. Rf7+ Kh8 44. Bf3 a5 45. Kf2 Be6 46. Re7 Rh2+ 47. Kg3 Rxc2 48. Rxe6 Rxb2 49. Rxh6+ Kg7 50. Rc6 d3 51. h6+  1-0

[Event "Skakligaen"]
[Site "Danmark"]
[Date "2019.01.12"]
[Round "5.5"]
[White "Grubert, Christian"]
[Black "Smith, Axel"]
[Result "1/2-1/2"]
[WhiteElo "2161"]
[BlackElo "2487"]
[EventDate "2018.10.27"]
[EventType "team-tourn"]
[EventRounds "9"]
[EventCountry "Danmark"]
[WhiteTeam "Jetsmark"]
[BlackTeam "Koge"]
[WhiteTeamCountry "DEN"]
[BlackTeamCountry "DEN"]
[WhiteFideId "1406744"]
[BlackFideId "1707930"]

1. e4 c5 2. Nf3 e6 3. d3 Nc6 4. g3 d6 5. Bg2 Nf6 6. O-O Be7 7. Qe2 O-O 8. c3 e5 9. Rd1 Qc7 10. Na3 Re8 11. h3 h6 12. Nc4 Be6 13. Ne3 Bf8 14. Nh4 Qd7 15. Kh2 d5 16. exd5 Nxd5 17. Nxd5 Bxd5 18. Bxd5 Qxd5 19. Qg4 Qe6 20. Be3 Rad8 21. Nf5 Qg6 22. Qxg6 fxg6 23. Nh4 g5 24. Ng6 Bd6 25. h4 g4 26. h5 Rd7 27. Kg2 Ne7 28. d4 cxd4 29. cxd4 e4 30. d5 a6 31. Rac1 Kf7 32. Nxe7 Bxe7 33. Rc4 Bf6 34. b3 Re5 35. d6 Rxh5 36. Rxe4 Ra5 37. a4 h5 38. Rb4 Re5 39. Bb6 Ke6 40. Bc7 b5 41. axb5 axb5 42. Rd2 Rc5 43. Re2+ Kf7 44. Rbe4 Rc3 45. Rb4 Rc5 46. Rbe4 Rd5 47. R2e3 Rd2 48. Rf4 Rd5 49. Rfe4 Rd2 50. Rf4 Rd5 51. Rfe4  1/2-1/2

[Event "Skakligaen"]
[Site "Danmark"]
[Date "2019.01.12"]
[Round "5.6"]
[White "Antonsen, Mikkel"]
[Black "Wilbrandt, Simon Pil"]
[Result "1-0"]
[WhiteElo "2435"]
[BlackElo "2097"]
[EventDate "2018.10.27"]
[EventType "team-tourn"]
[EventRounds "9"]
[EventCountry "Danmark"]
[WhiteTeam "Koge"]
[BlackTeam "Jetsmark"]
[WhiteTeamCountry "DEN"]
[BlackTeamCountry "DEN"]
[WhiteFideId "1401378"]
[BlackFideId "1436988"]

1. d4 Nf6 2. c4 g6 3. Nc3 d5 4. cxd5 Nxd5 5. e4 Nxc3 6. bxc3 Bg7 7. Be3 c5 8. Nf3 Qa5 9. Nd2 O-O 10. Be2 Rd8 11. O-O Qc7 12. d5 Bxc3 13. Rc1 Bg7 14. Bxc5 b6 15. Bd4 Qd7 16. Bxg7 Kxg7 17. Nf3 Ba6 18. Bxa6 Nxa6 19. Ne5 Qd6 20. Qd4 Kg8 21. Nc6 Rdc8 22. e5 Qd7 23. Rc3 Nc7 24. Qe4 e6 25. Ne7+ Qxe7 26. d6 Qd7 27. dxc7 a5 28. Qb7 b5 29. Rcc1 Qd5 30. Qb6 Qxe5 31. Rfd1 Kg7 32. Rd7 b4 33. g3 Qe4 34. Qc5 Qf5 35. Qd6 h5 36. Rd8 e5 37. Qf8+ Kf6 38. h4 Qe6 39. Rcd1 Kf5 40. Qh6 Qe7 41. R8d7 Rxc7 42. Rxe7 Rxe7 43. Rd6  1-0

[Event "Skakligaen"]
[Site "Danmark"]
[Date "2019.01.12"]
[Round "5.7"]
[White "Rasmussen, Henning"]
[Black "Zude, Erik"]
[Result "0-1"]
[WhiteElo "2142"]
[BlackElo "2402"]
[EventDate "2018.10.27"]
[EventType "team-tourn"]
[EventRounds "9"]
[EventCountry "Danmark"]
[WhiteTeam "Jetsmark"]
[BlackTeam "Koge"]
[WhiteTeamCountry "DEN"]
[BlackTeamCountry "DEN"]
[WhiteFideId "1407988"]
[BlackFideId "4604644"]

1. d4 Nf6 2. Nf3 g6 3. Nbd2 d5 4. e3 Bg7 5. Bd3 O-O 6. O-O c5 7. dxc5 Nbd7 8. b4 Ne4 9. Bxe4 Bxa1 10. Bxd5 Bc3 11. Ne4 Bg7 12. Nfg5 e6 13. Nxe6 fxe6 14. Bxe6+ Kh8 15. Nd6 Qe7 16. Bh3 Nb6 17. Nxc8 Nxc8 18. g3 a5 19. a3 axb4 20. axb4 Na7 21. Bg2 Nc6 22. b5 Rad8 23. Qg4 Na7 24. Qa4 Ra8 25. Qb4 Rfc8 26. Bb2 Qxc5 27. Bxg7+ Kxg7 28. Qb2+ Qc3 29. Qxc3+ Rxc3 30. Ra1 Rd8 31. Rxa7 Rd1+ 32. Bf1 Rxc2 33. Rxb7+ Kf6 34. Kg2 Rdd2 35. Rxh7 Rxf2+ 36. Kg1 Rf3 37. Bd3 Rc1+ 38. Kg2 Rxe3 39. Rd7 Rd1 40. Bf5 Re2+ 41. Kh3 Rh1 42. Bd3 Rhxh2+ 43. Kg4 Re6 44. Rd4 Rb2 45. Bc4 Re5 46. Rf4+ Kg7 47. Rf7+ Kh6 48. Rf4 Re3 49. Kh3 Rc3 50. Bf1 Kg7 51. Rc4 Rf3 52. Bg2 Re3 53. Bc6 g5 54. Kg4 Kf6 55. Rd4 Rbb3 56. Rd6+ Ke7 57. Rd7+ Ke6 58. Kxg5 Rb4 59. Rd5 Rxg3+ 60. Kh5 Rc3 61. Rg5 Rd3 62. Bg2 Kf7 63. Rf5+ Kg7 64. Bf3 Rd6 65. Rg5+ Kh7 66. Rc5 Rf6 67. Rc7+ Kg8 68. Bd5+ Kf8 69. Kg5 Rf2 70. Bc6 Rb1 71. Rc8+ Ke7 72. Re8+ Kd6 73. Rd8+ Ke7 74. Rd4 Rf8 75. Re4+ Kd6 76. Rg4 Rb3 77. Rd4+ Kc5 78. Rd5+ Kb6 79. Kg4 Rb1 80. Kg3 Rg1+ 81. Kh2 Rg7 82. Rh5 Rf2+ 83. Kh3 Rf4 84. Rh6 Kc5 85. Rh5+ Kb6 86. Rh6 Rb4 87. Be8+ Kc5 88. Rc6+ Kd5 89. Rc2 Ke5 90. Rf2 Rbg4 91. Re2+ Kd6 92. Rb2 R4g5 93. Rb4 Rg3+ 94. Kh2 Rg2+ 95. Kh1 Kc5 96. Rh4 Re2 97. Bc6 Ra7 98. Rh5+ Kd4 99. Bg2 Rg7 100. Bf1 Rf2 101. Bh3 Rb2 102. Bf1 Ke4 103. Rh8 Kf3 104. Rf8+ Kg3 105. Rf6 Rf2 106. Rxf2 Kxf2 107. Bh3 Rh7 108. Kh2 Rh6 109. b6 Rxb6 110. Be6 Rxe6 111. Kh1 Rh6#  0-1

[Event "Skakligaen"]
[Site "Danmark"]
[Date "2019.01.12"]
[Round "5.8"]
[White "Percivaldi, Martin"]
[Black "Luther, Lasse"]
[Result "1-0"]
[WhiteElo "2389"]
[BlackElo "2073"]
[EventDate "2018.10.27"]
[EventType "team-tourn"]
[EventRounds "9"]
[EventCountry "Danmark"]
[WhiteTeam "Koge"]
[BlackTeam "Jetsmark"]
[WhiteTeamCountry "DEN"]
[BlackTeamCountry "DEN"]
[WhiteFideId "1508148"]
[BlackFideId "1404938"]

1. d4 d5 2. Bg5 Nf6 3. Nd2 h6 4. Bh4 e6 5. e3 Be7 6. Bd3 c5 7. c3 Nc6 8. f4 b6 9. Qe2 Bb7 10. Ngf3 Ne4 11. Bxe7 Nxe7 12. Bb5+ Bc6 13. Ne5 Qc7 14. Nxe4 dxe4 15. dxc5 O-O 16. cxb6 axb6 17. Nxc6 Nxc6 18. Qc4 Rac8 19. Qxe4 Ne7 20. O-O Nf5 21. Bd3 Qc5 22. Rf3 g6 23. g4 Nd6 24. Qd4 Qc6 25. Rh3 Kh7 26. g5  1-0

[Event "Skakligaen"]
[Site "Danmark"]
[Date "2019.01.12"]
[Round "5.4"]
[White "Sahl, Bjarke"]
[Black "Vinter Schou, Uffe"]
[Result "1/2-1/2"]
[WhiteElo "2322"]
[BlackElo "2357"]
[EventDate "2018.10.27"]
[EventType "team-tourn"]
[EventRounds "9"]
[EventCountry "Danmark"]
[WhiteTeam "BMS"]
[BlackTeam "Aarhus/Skolerne"]
[WhiteTeamCountry "DEN"]
[BlackTeamCountry "DEN"]
[WhiteFideId "1400231"]
[BlackFideId "1400568"]

1. d4 c5 2. d5 g6 3. e4 d6 4. Nc3 Bg7 5. Be2 Nf6 6. Nf3 O-O 7. O-O Na6 8. h3 Nc7 9. a4 b6 10. Bg5 a6 11. Qc1 Re8 12. Bh6 Bh8 13. Rd1 Rb8 14. Ng5 b5 15. axb5 axb5 16. b4 cxb4 17. Na2 Na6 18. Rb1 Qa5 19. Nxb4 Nxb4 20. Qd2 Bd7 21. Rxb4 Rec8 22. Rdb1 Be8 23. Nf3 Nd7 24. Nd4 Nc5 25. Qe3 Na4 26. c4 Rc5 27. Qd2 Qc7 28. Be3 Ra8 29. Nxb5 Qa5 30. Bd4 Bxd4 31. Qxd4 Bxb5 32. Rxb5 Rxb5 33. cxb5 Nc3 34. Re1 Nxb5 35. Qd1 Nc3 36. Qd2 Qc5 37. Bf3 Ra2 38. Qe3 Qxe3 39. Rxe3 Rc2 40. h4 Kg7 41. e5 Nb5 42. exd6 exd6 43. Rb3 Rc5 44. Rb4 h5 45. Kh2 Kf6 46. Rf4+ Ke7 47. Re4+ Kd7 48. Rf4 Ke7 49. Re4+ Kd8 50. Rf4 Rc7 51. Kg3 Re7 52. Rb4 Nc7 53. Rb6 Kd7 54. Rb7 Re5 55. Kh3 Rf5 56. Kg3 Re5 57. Kh3 Kc8 58. Rb6 Ne8 59. Kg3 Kc7 60. Rb4 Ng7 61. Be4 Ne8 62. f4 Re7 63. Bf3 Re1 64. f5 Nf6 65. fxg6 fxg6 66. Rf4 Nd7 67. Re4 Rxe4 68. Bxe4 Nf6 69. Bxg6 Nxd5 70. Bxh5 Ne3 71. Bf3 Kd7 72. Kf4 Nxg2+ 73. Bxg2 Ke6 74. Kg5 Kf7 75. Kh6 Kg8 76. Bd5+ Kh8 77. h5  1/2-1/2

[Event "Skakligaen"]
[Site "Danmark"]
[Date "2019.01.12"]
[Round "5.5"]
[White "Christensen, Tobias"]
[Black "Jacobsen, Mikkel Manosri"]
[Result "1-0"]
[WhiteElo "2351"]
[BlackElo "2285"]
[EventDate "2018.10.27"]
[EventType "team-tourn"]
[EventRounds "9"]
[EventCountry "Danmark"]
[WhiteTeam "Aarhus/Skolerne"]
[BlackTeam "BMS"]
[WhiteTeamCountry "DEN"]
[BlackTeamCountry "DEN"]
[WhiteFideId "1400673"]
[BlackFideId "1444514"]

1. e4 c5 2. c4 Nc6 3. Nc3 g6 4. g3 Bg7 5. Bg2 a6 6. Nge2 Rb8 7. a4 e6 8. O-O Nge7 9. d3 d6 10. Rb1 Qb6 11. Be3 Nd4 12. b4 cxb4 13. Nxd4 Bxd4 14. a5 Qa7 15. Bxd4 Qxd4 16. Na2 Nc6 17. Nxb4 Bd7 18. Nxc6 Bxc6 19. Qd2 O-O 20. Qe3 Qc3 21. Ra1 e5 22. Rfc1 Qb4 23. d4 exd4 24. Qxd4 Rfe8 25. Rd1 Rbd8 26. f3 Qc5 27. Rd2 Kf8 28. Qxc5 dxc5 29. Rad1 Rxd2 30. Rxd2 Ke7 31. Kf2 Rb8 32. f4 b6 33. axb6 Rxb6 34. e5 Be8 35. Ra2 Ke6 36. Bh3+ Ke7 37. Bg2 Ke6 38. Bh3+ Ke7 39. Bc8 Rb8 40. Bg4 Rb4 41. Be2 Ba4 42. Ke3 Kd7 43. Rd2+ Kc7 44. Rd6 Rb3+ 45. Bd3 Kb7 46. f5 gxf5 47. Kf4 Bc6 48. Bxf5 Rb2 49. Rf6 Be8 50. h4 a5 51. Bxh7 a4 52. Be4+ Ka7 53. Rd6 a3 54. Rd3 a2 55. Ra3+ Kb6 56. h5 f5 57. Bxf5 Bxh5 58. g4 Be8 59. e6 Re2 60. Kg5 Kc6 61. Kf6 Kd6 62. Ra6+ Bc6 63. Kf7 Ke5 64. Ke7 Kd4 65. Kd6 Bf3 66. e7 Kxc4 67. Be6+  1-0

[Event "Skakligaen"]
[Site "Danmark"]
[Date "2019.01.12"]
[Round "5.1"]
[White "Persson, Tiger Hillarp"]
[Black "Andersen, Mads"]
[Result "1/2-1/2"]
[WhiteElo "2558"]
[BlackElo "2599"]
[EventDate "2018.10.27"]
[EventType "team-tourn"]
[EventRounds "9"]
[EventCountry "Danmark"]
[WhiteTeam "Bronshoj"]
[BlackTeam "Skanderborg"]
[WhiteTeamCountry "DEN"]
[BlackTeamCountry "DEN"]
[WhiteFideId "1700812"]
[BlackFideId "1413864"]

1. d4 Nf6 2. c4 g6 3. Nc3 d5 4. Nf3 Bg7 5. Qb3 dxc4 6. Qxc4 O-O 7. e4 c6 8. Qb3 e5 9. dxe5 Ng4 10. h3 Nxe5 11. Nxe5 Bxe5 12. Be3 Qe7 13. g3 Rd8 14. Qc2 Na6 15. Bxa6 bxa6 16. Kf1 f5 17. Kg2 Bxc3 18. Qxc3 Qxe4+ 19. f3 Qd3 20. Qxd3 Rxd3 21. Kf2 Be6 22. Rhd1 Rxd1  1/2-1/2